000
00302nam a22001337a 4500
008
181024b xxu||||| |||| 00| 0 eng d
020
_a
9780077283773
041
_a
eng
080
_2
12th
_a
611
100
_a
6
101
_a
ANA
245
_a
Human Anatomy & Physiology
_c
Martin,T.R
942
_2
udc
_c
BK
999
_c
50805
_d
50805